Ten apples up on top! / (Record no. 300)

MARC details
000 -LEADER
fixed length control field 01319cam a2200373 a 4500
001 - CONTROL NUMBER
control field 300
003 - CONTROL NUMBER IDENTIFIER
control field FISKH
005 - DATE AND TIME OF LATEST TRANSACTION
control field 20230320092020.0
008 - FIXED-LENGTH DATA ELEMENTS--GENERAL INFORMATION
fixed length control field 040223r20041961nyua b 000 1 eng
010 ## - LIBRARY OF CONGRESS CONTROL NUMBER
LC control number 2004269729
020 ## - INTERNATIONAL STANDARD BOOK NUMBER
International Standard Book Number 0394800192
020 ## - INTERNATIONAL STANDARD BOOK NUMBER
International Standard Book Number 0394900197 (lib. bdg.)
040 ## - CATALOGING SOURCE
Original cataloging agency DLC
Transcribing agency DLC
Modifying agency DLC
-- FISKH
Language of cataloging eng
042 ## - AUTHENTICATION CODE
Authentication code lcac
050 00 - LIBRARY OF CONGRESS CALL NUMBER
Classification number PZ8.3.G276
Item number Te 2004
082 00 - DEWEY DECIMAL CLASSIFICATION NUMBER
Classification number 371
Edition number 22
100 1# - MAIN ENTRY--PERSONAL NAME
Personal name Geisel, Theodor
Dates associated with a name 1904-1991.
Fuller form of name Theodor Seuss Geisel
245 10 - TITLE STATEMENT
Title Ten apples up on top! /
Statement of responsibility, etc. by Dr. Seuss writing as Theo. LeSieg ; illustrated by Roy McKie.
260 ## - PUBLICATION, DISTRIBUTION, ETC.
Place of publication, distribution, etc. New York
Name of publisher, distributor, etc. Beginner Books
Date of publication, distribution, etc. 1989
300 ## - PHYSICAL DESCRIPTION
Extent 34 leaves of plates
Other physical details col. ill. ;
Dimensions 24 cm.
505 ## - FORMATTED CONTENTS NOTE
Formatted contents note D
520 ## - SUMMARY, ETC.
Summary, etc. A lion, a dog, and a tiger balance apples on their heads.
521 8# - TARGET AUDIENCE NOTE
Target audience note 200 <br/>
Source Lexile
521 8# - TARGET AUDIENCE NOTE
Target audience note D <br/>
Source Raz-Plus
650 #1 - SUBJECT ADDED ENTRY--TOPICAL TERM
Topical term or geographic name entry element Animals
Form subdivision Fiction.
650 #1 - SUBJECT ADDED ENTRY--TOPICAL TERM
Topical term or geographic name entry element Counting.
650 #1 - SUBJECT ADDED ENTRY--TOPICAL TERM
Topical term or geographic name entry element Stories in rhyme.
700 1# - ADDED ENTRY--PERSONAL NAME
Personal name McKie, Roy,
Relator term ill.
856 42 - ELECTRONIC LOCATION AND ACCESS
Materials specified Publisher description
Uniform Resource Identifier <a href="http://www.loc.gov/catdir/description/random052/2004269729.html">http://www.loc.gov/catdir/description/random052/2004269729.html</a>
856 42 - ELECTRONIC LOCATION AND ACCESS
Materials specified Contributor biographical information
Uniform Resource Identifier <a href="http://www.loc.gov/catdir/enhancements/fy1408/2004269729-b.html">http://www.loc.gov/catdir/enhancements/fy1408/2004269729-b.html</a>
906 ## - LOCAL DATA ELEMENT F, LDF (RLIN)
a 7
b cbc
c origcop
d 2
e ncip
f 20
g y-gencatlg
942 ## - ADDED ENTRY ELEMENTS (KOHA)
Source of classification or shelving scheme Dewey Decimal Classification
Koha item type Books
Suppress in OPAC No
Holdings
Withdrawn status Lost status Source of classification or shelving scheme Damaged status Not for loan Collection Home library Current library Shelving location Date acquired Total Checkouts Full call number Barcode Date last seen Date last checked out Copy number Price effective from Koha item type
    Dewey Decimal Classification     Juvenile Fiction Footprints International School Library Network Toul Kork Campus Footprints International School Library Network Toul Kork Campus TK Primary Library Room(4th Floor), Bookcase 7, Shelves 57-60, Dark Green Books 03/17/2023 4 GEI 371 PZ8.G276 2023-0040 11/12/2025 08/27/2025 1 03/17/2023 Books
    Dewey Decimal Classification     Juvenile Fiction Footprints International School Library Network Toul Tom Poung Campus Footprints International School Library Network Toul Tom Poung Campus TTP Primary Green Bookshelves 08/06/2025 3 GEI 371 PZ8.G276 2025-3839 03/20/2026 03/17/2026 2 08/06/2025 Books